Statistics for 越南省级行政区划

Click here to take the quiz!

General Stats

  • This quiz has been taken 29 times
  • The average score is 19 of 63

Answer Stats

地区省/城庯% Correct
红河平原河内市
96%
东南部胡志明市
88%
东北太原省
73%
中南沿海岘港市/沱㶞
73%
红河平原海防市
69%
西北奠边省
58%
中北部承天顺化省
58%
东北老街省
50%
东南部西宁省
46%
中南沿海广南省
46%
东北谅山省
46%
中南沿海庆和省
42%
东北高平省
42%
东北广宁省
42%
九龙江平原芹苴市
38%
中北部清化省
35%
中北部河静省
35%
西原嘉莱省
35%
中北部乂安省
35%
西原林同省
35%
东南部巴地头顿省/婆地-淎艚
31%
西北莱州省
31%
红河平原宁平省
31%
西原得乐省
31%
红河平原河南省
31%
九龙江平原金瓯省/哥毛
31%
西原昆嵩省
27%
西北山罗省
27%
东北北江省
27%
红河平原北宁省
27%
东北北𣴓省
27%
东北河江省
27%
红河平原太平省
27%
红河平原南定省
27%
东南部同奈省/同狔
23%
红河平原海阳省
23%
中南沿海广义省
23%
东北宣光省
23%
红河平原兴安省
23%
中北部广平省
23%
东北安沛省
23%
九龙江平原前江省
19%
九龙江平原茶荣省
19%
九龙江平原朔庄省/滀臻
19%
九龙江平原槟椥省
19%
西北和平省
19%
九龙江平原永隆省
19%
中南沿海富安省
15%
东北富寿省
15%
九龙江平原后江省
15%
九龙江平原隆安省
15%
中南沿海平定省
15%
东南部平顺省
15%
东南部宁顺省
15%
红河平原永福省
15%
中北部广治省
15%
九龙江平原薄辽省
15%
九龙江平原同塔省
12%
九龙江平原安江省
12%
东南部平阳省
12%
九龙江平原坚江省
12%
东南部平福省
12%
西原得农省
8%

Score Distribution

Percentile by Number Answered

Percent of People with Each Score

Your Score History

You have not taken this quiz